Missing Word: Simon & Garfunkel (A-Z) Quiz Stats

 Plays Quiz Updated Jan 9, 2018

Challenge
Share
Tweet
Embed
Score 0/21 Timer 03:00
0 Plays Today
Song Answer % Correct
Bridge Over _____ WaterTroubled
96.4%
_____ RobinsonMrs.
96.1%
Still Crazy After All These _____Years
95.5%
Last Night I Had The Strangest _____Dream
94.9%
The Sound of _____Silence
94.5%
Wake Up _____ SusieLittle
93.7%
Scarborough _____Fair
91.4%
_____ BoundHomeward
88.2%
You Can Call Me _____Al
84.7%
The 59th Street Bridge Song (Feelin' _____)Groovy
80.9%
At The _____Zoo
80.2%
Song Answer % Correct
Me And _____ Down By The School YardJulio
78.2%
I Am A _____Rock
76.7%
El Condor Pasa (If I _____)Could
70.4%
Hazy Shade Of _____Winter
67.1%
The _____Boxer
58.2%
_____ FriendsOld
55.8%
For _____, Whenever I May Find HerEmily
42.5%
A Most _____ ManPeculiar
33.1%
Bad _____ FeelingNews
20.2%
_____ SongKathy's
19.7%

Today's Daily Dose

You're not logged in!

Compare scores with friends on all Sporcle quizzes.
OR
Log In

You Might Also Like...

Show Comments

Extras

Top Quizzes Today


Score Distribution

Your Account Isn't Verified!

In order to create a playlist on Sporcle, you need to verify the email address you used during registration. Go to your Sporcle Settings to finish the process.

Report this User

Report this user for behavior that violates our Community Guidelines.

Details: